| 000 | 00829cam a2200169u 4500 | ||
|---|---|---|---|
| 082 |
_a604.2 _bROG _cL-14, P-1 |
||
| 100 | 1 |
_aRogers, William W., _940290 |
|
| 245 | 1 | 0 |
_aBlueprint reading at work : _ba text to assist workers in metal trades to understand blueprints and increase their trade knowledge / _cby William W. Rogers and Paul L. Welton. |
| 260 |
_aNew York, _aChicago [etc.] _bSilver Burdett company _c[1942] |
||
| 300 |
_aviii, 136 p. _billus., diagrs. _c28 x 22 cm. |
||
| 500 | _aSupplemented by: "Answer book" (cover-title, 29 p. ; 23 cm.) published: [New York, Chicago, etc.] : Silver Burdett company, [1943] Call number: T379.R6 Answers | ||
| 526 |
_a0 _b0 _c0 _d604_200000000000000_ROG |
||
| 650 | 0 |
_aBlueprints. _937725 |
|
| 650 | 0 |
_aMCE _9379 |
|
| 700 | 1 |
_aWelton, Paul L., [from old catalog] _940291 |
|
| 942 |
_2ddc _cBK |
||
| 999 |
_c544614 _d544614 |
||